000 00195 a2200109 4500
020 _a9788401375415
041 _aspa
100 _aIsabel Allende
245 _aPaula
942 _cBK
952 _74
999 _c21305
_d21305